000 00441nam a2200181Ia 4500
005 20250423094545.0
008 250422s9999 xx 000 0 und d
020 _a9788122416138
050 _aTJ 265 .N34/
100 _aNagaraj, P. B.
245 0 _aBasic thermodynamics
260 _aNew Delhi
260 _bNew Age International (P) Limited
260 _c2005
300 _a330 p
650 _a Thermodynamics.
942 _cBK
999 _c27596
_d27596